LIBRARY & INFORMATION CENTRE, KCAET, TAVANUR

ONLINE PUBLIC ACCESS CATALOGUE (OPAC)

Dynamics of power transmission in tractor mounted paddy reaper (Record no. 15278)

MARC details
000 -LEADER
fixed length control field 00569nam a22001697a 4500
003 - CONTROL NUMBER IDENTIFIER
control field OSt
088 ## - REPORT NUMBER
Report number T 56
100 ## - MAIN ENTRY--AUTHOR NAME
Personal name SUSHILENDRA
245 ## - TITLE STATEMENT
Title Dynamics of power transmission in tractor mounted paddy reaper
260 ## - PUBLICATION, DISTRIBUTION, ETC. (IMPRINT)
Place of publication Tavanur 1996
Name of publisher Kelappaji College of Agricultural Engineering and Technology
300 ## - PHYSICAL DESCRIPTION
Number of Pages 154
500 ## - GENERAL NOTE
General note Dynamics of power transmission in tractor mounted paddy reaper
520 ## - SUMMARY, ETC.
Summary, etc Dynamics of power transmission in tractor mounted paddy reaper
700 ## - ADDED ENTRY--PERSONAL NAME
Personal name Dr. M. Sivaswami (Guide)
942 ## - ADDED ENTRY ELEMENTS (KOHA)
Koha item type Theses
Holdings
Collection code Home library Current library Shelving location Full call number Accession Number Koha item type Public note
Reference KAUAET KAUAET Reference 631.3 SUS/DY T 56 Theses M.Tech Thesis
free website counter